Strategic management (Record no. 167161)

MARC details
000 -LEADER
fixed length control field 00400nam a2200157Ia 4500
008 - FIXED-LENGTH DATA ELEMENTS--GENERAL INFORMATION
fixed length control field 231217s9999 xx 000 0 und d
041 ## - LANGUAGE CODE
Language code of text/sound track or separate title English
082 ## - DEWEY DECIMAL CLASSIFICATION NUMBER
Classification number 658.4012 MIL;2
100 ## - MAIN ENTRY--PERSONAL NAME
Personal name Miller, Alex Dess,Gregory G
245 #0 - TITLE STATEMENT
Title Strategic management
250 ## - EDITION STATEMENT
Edition statement 3rd ed.
260 ## - PUBLICATION, DISTRIBUTION, ETC.
Date of publication, distribution, etc. 1998
Name of publisher, distributor, etc. New York : McGraw-Hill,
300 ## - PHYSICAL DESCRIPTION
Extent xxvi+C604
650 ## - SUBJECT ADDED ENTRY--TOPICAL TERM
Topical term or geographic name entry element Strategic management
942 ## - ADDED ENTRY ELEMENTS (KOHA)
Koha item type Books
Holdings
Date last seen Total checkouts Full call number Accession number Cost, total (INR) price Price effective from Category Lost status Damaged status Department Withdrawn status Home library Current library Entry date Vendor Cost, normal purchase price Grants Billnumber Billdate Currency symbol Conversion rate Discount Old discount Date last checked out Date due
26/01/2024   658.4012 MIL;2 15857 761.67 26/01/2024 Books     Central Library   Central Library Central Library 22/06/2000 Sai Books 19.95 MBA 977 31/07/2003 USD 44.91 2.99 15    
26/01/2024   658.4012 MIL;3 15858 16.96 26/01/2024 Books     Central Library   Central Library Central Library 22/06/2000 Sai Books 19.95 MBA 977 31/07/2003 RS 1 2.99 15    
18/06/2026 1 658.4012 MIL;4 15859 761.67 26/01/2024 Books     Central Library   Central Library Central Library 29/06/2000 Sai Books 19.95 MBA 977 31/07/2003 USD 44.91 2.99 15 02/06/2026  
26/01/2024   658.4012 MIL;5 15860 761.67 26/01/2024 Books     Central Library   Central Library Central Library 29/06/2000 Sai Books 19.95 MBA 977 31/07/2003 USD 44.91 2.99 15    
26/01/2024   658.4012 MIL;6 19897 866.66 26/01/2024 Books     Central Library   Central Library Central Library 11/03/2002 Allied publ. 19.95 MBA 12403 28/07/2004 RS 51.1 2.99 15    
26/01/2024   658.4012 MIL;7 19898 866.66 26/01/2024 Books     Central Library   Central Library Central Library 11/03/2002 Allied publ. 19.95 MBA 12403 28/07/2004 RS 51.1 2.99 15    
02/06/2026 2 658.4012 MIL;8 19899 866.66 26/01/2024 Books     Central Library   Central Library Central Library 11/03/2002 Allied publ. 19.95 MBA 12403 28/07/2004 RS 51.1 2.99 15 02/06/2026 16/06/2026
18/06/2026 3 658.4012 MIL;9 19900 866.66 26/01/2024 Books     Central Library   Central Library Central Library 11/03/2002 Allied publ. 19.95 MBA 12403 28/07/2004 RS 51.1 2.99 15 02/06/2026  
18/06/2026 1 658.4012 MIL;10 19901 866.66 26/01/2024 Books     Central Library   Central Library Central Library 11/03/2002 Allied publ. 19.95 MBA 12403 28/07/2004 RS 51.1 2.99 15 02/06/2026  

© For any Suggestions or Query, please contact the library staff @ librarian@pes.edu or Phone: +9180 2672 1983/ 2108.